000 00663nam a2200229Ia 4500
003 OSt
005 20220926012531.0
006 a|||||r|||| 00| 0
007 ta
008 220923b |||||||| |||| 00| 0 eng d
037 _cGeneral Book
040 _aRTL
_cRTL
_beng
041 _2eng
_aeng
082 _aY:411:5.73.N5, J0
100 _aAsbury Herbert
_9316809
245 0 _aGreat illusion
_b An informal history of prohibitio
260 _aNew York
_bDoulbledy
_c1950
300 _aviii,344p
_ccm.
500 _aBibliography : P 331-332
942 _hY:411:5.73.N5, J0
_cGB
_2CC
999 _c623436
_d623436